000 00490nam a2200193Ia 4500
008 101110s9999 xx 000 0 und d
041 _aMARATHI
082 _bSR21614
_a891.4611009
100 _aSawarkar Ganesh Krushnaji
245 _aNavneet Dnyaneshwari ( Gadya )
365 _b45
520 _aMarathi
546 _aMARATHI
630 _aNavneet Dnyaneshwari ( Gadya )
650 _aMarathi
655 _aMarathi
730 _aNavneet Dnyaneshwari ( Gadya )
942 _cBOOK
999 _c814461
_d814458